| 000 | 00886cam a2200217 4500 | ||
|---|---|---|---|
| 001 | WB3637-16 | ||
| 008 | 000000n2000 000 0 eng u | ||
| 035 | _a(Sirsi) u108404 | ||
| 245 | _aMaking money work | ||
| 260 | _c2000 | ||
| 490 |
_aDETR Press Release _v(594) 19 September 2000 (6) |
||
| 520 | _aOutlines the content of the DETR consulation document "Modernising Local Government Finance: A Green Paper" which looks at how the system can better serve local communities. Free copies can be obtained contacting tel no. 0870 1226 236, or the green paper and its annexes can be viewed at http://www.local.detr.gov.uk Responces by 8 December 2000. | ||
| 590 | _aWB | ||
| 650 | _aLOCAL GOVERNMENT FINANCE | ||
| 650 | _aLOCAL AUTHORITIES | ||
| 650 | _aCONSULTATION | ||
| 650 | _aBUSINESS RATES | ||
| 650 | _aGREEN PAPER | ||
| 690 | _aRATING AND LOCAL TAXATION | ||
| 942 | _n0 | ||
| 999 |
_c64721 _d64721 |
||